| 000 | 01569nam0a22002651 4500 | ||
|---|---|---|---|
| 001 | rc\3632217 | ||
| 005 | 20260407160331.0 | ||
| 021 |
_aRU _b[74-89872] |
||
| 035 | _a(NLR Aleph) 007825396 | ||
| 090 |
_a7757522 _c7757522 |
||
| 100 | _a20130115d1974 |||y0rusy50 ca | ||
| 101 | 0 | _arus | |
| 102 | _aRU | ||
| 105 | _ay z ||||| | ||
| 200 | 1 |
_aКраткие тезисы докладов _fМ-во высш. и сред. спец. образования СССР. М-во высш. и сред. спец. образования РСФСР. Горьк. гос. ун-т им. Н.И. Лобачевского. Науч.-исслед. ин-т химии. Отд-ние общей и техн. химии АН СССР. Всесоюз. совещ. "Металлоорган. соединения для получения металл. и окисных покрытий". 2-4 окт. 1974 г. |
|
| 210 |
_aГорький _cБ. и. _d1974 |
||
| 215 |
_a107 с. _d20 |
||
| 320 | _aСписки лит. в конце докл. | ||
| 606 |
_aМеталлоорганические соединения _xПрименение в качестве покрытия _jТезисы докладов _2psbo |
||
| 710 | 1 | 2 |
_a"Металлоорганические соединения для получения металлических и окисных покрытий", всесоюзное совещание _f1974 _eГорький _3RU\NLR\AUTH\8810097924 _9696906 |
| 801 | 0 |
_aRU _bNLR _gpsbo |
|
| 801 | 1 |
_aRU _bELAR _2rusmarc |
|
| 852 |
_aNLR _j74-3/4986 |
||
| 942 | _cBOOK | ||
| 980 | _aNB | ||